Statistiques concernant Devinez le Département Mystère #61

Cliquez ici pour prendre le quiz!

Statistiques générales

  • Ce quiz a été pris 102 fois
  • Le résultat moyen est 32 sur 37

Statistiques - réponses

Type de RéponseRéponse% Correct
Lettre TrouvéeA
100%
Lettre TrouvéeE
100%
Lettre de l'AlphabetO
100%
Lettre TrouvéeR
100%
Lettre TrouvéeS
100%
Lettre de l'AlphabetI
99%
Lettre TrouvéeN
99%
Lettre TrouvéeT
99%
Lettre de l'AlphabetL
98%
Lettre de l'AlphabetV
98%
Lettre TrouvéeU
97%
Lettre TrouvéeM
95%
Lettre TrouvéeH
94%
Lettre de l'AlphabetC
90%
Lettre de l'AlphabetP
89%
Lettre de l'AlphabetY
89%
Lettre de l'AlphabetD
87%
Lettre de l'AlphabetG
87%
Lettre de l'AlphabetF
83%
Lettre de l'AlphabetB
80%
Lettre Bien PlacéeA
79%
Lettre Bien PlacéeE
79%
Lettre Bien PlacéeE
79%
Lettre Bien PlacéeH
79%
Lettre Bien PlacéeT
79%
Lettre Bien PlacéeU
79%
Lettre de l'AlphabetJ
78%
Lettre Bien PlacéeR
78%
Lettre de l'AlphabetZ
78%
Lettre de l'AlphabetQ
77%
Lettre Bien PlacéeA
75%
Département MystèreHaute-Marne
75%
Lettre de l'AlphabetK
75%
Lettre Bien PlacéeM
75%
Lettre Bien PlacéeN
75%
Lettre de l'AlphabetW
75%
Lettre de l'AlphabetX
75%

Distribution des résultats

Percentile par nombre de réponses

% des personnes avec chaque résultat

Votre développement - résultats

Vous n’avez pas pris ce quiz